[Event "Benasque op 44th"]
[Site "Benasque"]
[Date "2025.07.08"]
[Round "5"]
[White "Mikhalevski, Victor"]
[Black "Jacobson, Brandon"]
[Result "0-1"]
[WhiteElo "2492"]
[BlackElo "2569"]
[PlyCount "84"]
[EventDate "2025.07.04"]
[EventType "swiss"]
[EventRounds "10"]
[EventCountry "ESP"]
[SourceTitle "CB29_2025"]
[SourceDate "2025.07.16"]
[SourceVersion "1"]
[SourceVersionDate "2025.07.16"]
[SourceQuality "1"]

1. d4 Nf6 2. Bg5 d5 3. e3 c5 4. Bxf6 gxf6 5. dxc5 e6 6. Nf3 f5 7. c4 dxc4 8. Qxd8+ Kxd8 9. Bxc4 Nd7 10. c6 bxc6 11. Nc3 Rb8 12. 0-0-0 Bg7 13. Nd4 Kc7 14. Be2 Nf6 15. Kb1 Bd7 16. Rc1 Kd6 17. Rhd1 Ke7 18. Na4 Rhc8 19. Ba6 Rd8 20. Rd3 Ng4 21. Rc2 f4 22. h3 Rb4 23. Nc5 fxe3 24. Nxd7 Bxd4 25. hxg4 exf2 26. Rxd4 Rxd4 27. Ne5 Rd1+ 28. Rc1 R8d5 29. Nf3 Rxc1+ 30. Kxc1 Ra5 31. Bc4 Rxa2 32. Nd2 Ra1+ 33. Kc2 Re1 34. b3 Kd6 35. g3 Kc5 36. Nf1 a5 37. Bd3 Kb4 38. g5 c5 39. Nd2 e5 40. Nc4 e4 41. Ne5 exd3+ 42. Nxd3+ Kb5 0-1

[Event "Titled Tuesday intern op 03rd Jan Late"]
[Site "Chess.com INT"]
[Date "2025.06.03"]
[Round "8"]
[White "Mikhalevski, Victor"]
[Black "Vasquez Schroder, Rodrigo Rafael"]
[Result "1-0"]
[WhiteElo "2513"]
[BlackElo "2446"]
[PlyCount "83"]
[EventDate "2025.06.03"]
[EventType "swiss (blitz)"]
[EventRounds "11"]
[EventCountry "USA"]
[SourceTitle "CB24_2025"]
[SourceDate "2025.06.11"]
[SourceVersion "1"]
[SourceVersionDate "2025.06.11"]
[SourceQuality "1"]

1. Nf3 c5 2. g3 b6 3. Bg2 Bb7 4. 0-0 Nf6 5. d3 e6 6. e4 d6 7. c4 Nc6 8. Nc3 Rc8 9. a3 Be7 10. Rb1 0-0 11. b4 Nd7 12. Be3 Nde5 13. Nxe5 Nxe5 14. f4 Nc6 15. f5 Bf6 16. Ne2 Qd7 17. Nf4 Ne5 18. fxe6 fxe6 19. Bh3 Rce8 20. bxc5 dxc5 21. a4 Nc6 22. Kh1 Qd6 23. Qg4 Ne5 24. Qe2 Nxd3 25. Bg2 Nb4 26. Bd2 a5 27. Rfe1 Be5 28. Rbd1 Qc7 29. Bc1 Nc6 30. Bb2 Bd4 31. Bh3 Bc8 32. e5 Kh8 33. Rd2 Bb7 34. Bg2 Bxb2 35. Rxb2 Nd4 36. Qh5 Kg8 37. Reb1 Bxg2+ 38. Kxg2 Rb8 39. Qg4 Qxe5 40. Kh3 Rf6 41. Rxb6 Qe4 42. Rxb8+ 1-0

[Event "PlusCity Grand Prix Rapid"]
[Site "Pasching"]
[Date "2025.05.30"]
[Round "7"]
[White "Livaic, Leon"]
[Black "Mikhalevski, Victor"]
[Result "0-1"]
[WhiteElo "2544"]
[BlackElo "2513"]
[PlyCount "121"]
[EventDate "2025.05.30"]
[EventType "swiss (rapid)"]
[EventRounds "9"]
[EventCountry "AUT"]
[SourceTitle "CB23_2025"]
[SourceDate "2025.06.04"]
[SourceVersion "1"]
[SourceVersionDate "2025.06.04"]
[SourceQuality "1"]

1. d4 Nf6 2. c4 g6 3. Nc3 d5 4. Nf3 Bg7 5. Bg5 Ne4 6. Bf4 Nxc3 7. bxc3 c5 8. cxd5 Qxd5 9. e3 0-0 10. Be2 cxd4 11. cxd4 Qa5+ 12. Qd2 Nc6 13. Qxa5 Nxa5 14. 0-0 Bf5 15. Rfc1 Rfc8 16. Nd2 Rxc1+ 17. Rxc1 Rc8 18. Rxc8+ Bxc8 19. Bf3 b5 20. Bb8 a6 21. Bc7 Nb7 22. Nb3 Nd6 23. Nc5 Kf8 24. Kf1 Nc4 25. Ke2 e5 26. Kd3 exd4 27. exd4 Ke7 28. Bd5 Nb2+ 29. Kc3 Nd1+ 30. Kd2 Nxf2 31. Kc3 Ng4 32. Nb7 Be6 33. Bf3 Ne3 34. Bd6+ Kd7 35. Be5 Bxe5 36. dxe5 Bxa2 37. Nc5+ Ke7 38. Nxa6 Bd5 39. Bxd5 Nxd5+ 40. Kd4 Nf4 41. g3 Ne6+ 42. Kd5 Kd7 43. Nb4 h5 44. Nd3 Kc7 45. Nb4 Kd7 46. Nd3 Ng5 47. Nf4 Ke7 48. Nd3 Nf3 49. h4 Nd2 50. Nf4 Nf1 51. e6 Nxg3 52. exf7 Kxf7 53. Kc5 Kf6 54. Kxb5 Kf5 55. Ng2 Kg4 56. Kc4 Nf5 57. Kd5 Kg3 58. Ne1 Nxh4 59. Ke4 g5 60. Nd3 Ng2 61. Nc5 0-1

[Event "PlusCity Grand Prix Blitz"]
[Site "Pasching"]
[Date "2025.05.29"]
[Round "4"]
[White "Mikhalevski, Victor"]
[Black "Pantsulaia, Levan"]
[Result "0-1"]
[WhiteElo "2513"]
[BlackElo "2547"]
[PlyCount "180"]
[EventDate "2025.05.29"]
[EventType "swiss (blitz)"]
[EventRounds "13"]
[EventCountry "AUT"]
[SourceTitle "CB23_2025"]
[SourceDate "2025.06.04"]
[SourceVersion "1"]
[SourceVersionDate "2025.06.04"]
[SourceQuality "1"]

1. Nf3 c5 2. g3 g6 3. Bg2 Bg7 4. 0-0 Nc6 5. c4 d6 6. Nc3 e6 7. e3 Nge7 8. d4 0-0 9. b3 b6 10. Bb2 Bb7 11. Qd2 cxd4 12. Nxd4 Qd7 13. Nde2 Rfd8 14. Rfd1 Ne5 15. e4 a6 16. a4 Qc7 17. Rac1 Nc8 18. h3 Nd7 19. Kh2 Nc5 20. Qc2 h5 21. h4 Nd7 22. Qd2 Ne5 23. Kg1 Ne7 24. Nf4 Ng4 25. Nce2 Qc5 26. Nd3 Qc7 27. Bxg7 Kxg7 28. Qb2+ e5 29. Nc3 Rac8 30. Bh3 Rb8 31. f3 Nf6 32. Kh2 Bc8 33. Bxc8 Rbxc8 34. Kg2 Qb7 35. Nb4 Nc6 36. Nxc6 Qxc6 37. Rd3 Qc5 38. Rcd1 Qb4 39. Na2 Qc5 40. Qd2 b5 41. cxb5 axb5 42. axb5 Qxb5 43. b4 Rc6 44. Rc3 Rxc3 45. Nxc3 Qxb4 46. Nd5 Qxd2+ 47. Rxd2 Nd7 48. Ne3 Nb6 49. Rb2 Na4 50. Rb4 Nc5 51. Nc4 Kf6 52. Rb2 Ke6 53. Ra2 Rc8 54. Nb6 Rb8 55. Nd5 f5 56. Nc3 Rb3 57. Rc2 fxe4 58. fxe4 Nd3 59. Kf1 Nb4 60. Rc1 Rb2 61. Rd1 Nc2 62. Rd3 Nd4 63. Nd5 Rh2 64. Nc7+ Kd7 65. Nd5 Rc2 66. Nf6+ Ke6 67. Nd5 Nc6 68. Kg1 Rc4 69. Re3 Nd4 70. Kf2 Nc2 71. Re2 Na3 72. Re3 Nb5 73. Re2 Na7 74. Ra2 Nc6 75. Re2 Nd8 76. Nb6 Rd4 77. Nd5 Nb7 78. Nc7+ Kd7 79. Na6 Ra4 80. Rb2 Kc6 81. Rc2+ Nc5 82. Nxc5 dxc5 83. Ke3 Ra3+ 84. Kf2 Ra4 85. Ke3 c4 86. Rf2 Ra3+ 87. Kd2 Ra2+ 88. Ke3 Rxf2 89. Kxf2 Kc5 90. Ke3 Kb4 0-1

[Event "Chicago op 34th"]
[Site "Chicago"]
[Date "2025.05.25"]
[Round "7"]
[White "Amburgy, Ryan"]
[Black "Mikhalevski, Victor"]
[Result "1-0"]
[WhiteElo "2309"]
[BlackElo "2513"]
[PlyCount "53"]
[EventDate "2025.05.22"]
[EventType "swiss"]
[EventRounds "9"]
[EventCountry "USA"]
[SourceTitle "CB23_2025"]
[SourceDate "2025.06.04"]
[SourceVersion "1"]
[SourceVersionDate "2025.06.04"]
[SourceQuality "1"]

1. d4 Nf6 2. c4 g6 3. Nc3 d5 4. cxd5 Nxd5 5. e4 Nxc3 6. bxc3 Bg7 7. Nf3 c5 8. h3 Nc6 9. Be3 Qa5 10. Bd2 0-0 11. Be2 Qc7 12. Rc1 f5 13. Qb3+ Kh8 14. Ng5 e5 15. dxc5 Qe7 16. h4 h6 17. Qd5 Bf6 18. Bc4 f4 19. Nf7+ Kg7 20. Nd6 Na5 21. Rb1 Rb8 22. Be2 Bd7 23. h5 g5 24. 0-0 g4 25. Rfd1 Kh7 26. a3 Be6 27. Qd3 1-0

[Event "Titled Tuesday intern op 06th May Early"]
[Site "Chess.com INT"]
[Date "2025.05.06"]
[Round "11"]
[White "Kononenko, Dmitry1"]
[Black "Mikhalevski, Victor"]
[Result "0-1"]
[WhiteElo "2205"]
[BlackElo "2513"]
[PlyCount "84"]
[EventDate "2025.05.06"]
[EventType "swiss (blitz)"]
[EventRounds "11"]
[EventCountry "USA"]
[SourceTitle "CB20_2025"]
[SourceDate "2025.05.14"]
[SourceVersion "1"]
[SourceVersionDate "2025.05.14"]
[SourceQuality "1"]

1. d4 Nf6 2. c4 g6 3. Nc3 d5 4. cxd5 Nxd5 5. e4 Nxc3 6. bxc3 Bg7 7. Nf3 c5 8. Rb1 0-0 9. Be2 Nc6 10. d5 Ne5 11. Nxe5 Bxe5 12. c4 Qa5+ 13. Bd2 Qxa2 14. 0-0 b6 15. Bh6 Rd8 16. f4 Bd4+ 17. Kh1 e6 18. f5 exf5 19. exf5 Bxf5 20. Rxf5 gxf5 21. Bd3 Qf2 22. Qh5 Re8 23. Qd1 Be3 24. Bxe3 Rxe3 25. Qf1 Qxf1+ 26. Bxf1 Rae8 27. Kg1 Re1 28. Rb2 R8e4 29. g3 Rxc4 30. Kf2 Rce4 31. Bd3 Re5 32. d6 Rd1 33. Rb3 Rd5 34. Bc4 Rxd6 35. Rf3 R1d4 36. Bb5 f4 37. gxf4 Rd2+ 38. Ke3 Rb2 39. Bc4 b5 40. Rg3+ Rg6 41. Rxg6+ hxg6 42. Bd5 a5 0-1

[Event "Titled Tuesday intern op 06th May Early"]
[Site "Chess.com INT"]
[Date "2025.05.06"]
[Round "5"]
[White "Mikhalevski, Victor"]
[Black "Gibala, Adam"]
[Result "1-0"]
[WhiteElo "2513"]
[BlackElo "2239"]
[PlyCount "145"]
[EventDate "2025.05.06"]
[EventType "swiss (blitz)"]
[EventRounds "11"]
[EventCountry "USA"]
[SourceTitle "CB20_2025"]
[SourceDate "2025.05.14"]
[SourceVersion "1"]
[SourceVersionDate "2025.05.14"]
[SourceQuality "1"]

1. g3 d5 2. Nf3 Nd7 3. d4 Nb6 4. Bg2 Nf6 5. a4 a5 6. 0-0 Bf5 7. Nh4 Bg4 8. Nc3 e6 9. Qd3 c6 10. e4 dxe4 11. Nxe4 Be7 12. Re1 Nxe4 13. Qxe4 Bh5 14. c3 Bxh4 15. Qxh4 Qxh4 16. gxh4 Bg6 17. Bf4 Bc2 18. Rec1 Bd3 19. b3 0-0-0 20. Ra2 Nd5 21. Be5 f6 22. Bg3 Rhe8 23. Rd2 Bf5 24. Re2 h6 25. f4 Kd7 26. Kf2 Bg4 27. Ree1 Rf8 28. Kg1 Ne7 29. Be4 Nf5 30. Rc2 Nd6 31. Bg2 Bf5 32. Rce2 Rfe8 33. Bf3 g6 34. Kf2 h5 35. Re3 Bg4 36. Bg2 Rc8 37. c4 Nf5 38. Rd3 Ne7 39. Kg1 Bf5 40. Rd2 Kc7 41. Re3 Rcd8 42. Be1 b6 43. Bf2 Rd7 44. Re1 Red8 45. Rde2 Bg4 46. Rb2 Bf5 47. h3 Kb7 48. Rbe2 Ka6 49. Kh2 Rd6 50. Bf3 R6d7 51. Rxe6 Bxe6 52. Rxe6 Nf5 53. Bxc6 Rd6 54. Bb5+ Kb7 55. Rxd6 Rxd6 56. d5 Rd8 57. Bc6+ Kc7 58. Kg2 Ne7 59. Bb5 Nc8 60. Kf3 Nd6 61. Bc6 Nb7 62. Bd4 f5 63. Bf6 Rf8 64. Be5+ Nd6 65. Ke3 Rf7 66. Kd4 Re7 67. c5 bxc5+ 68. Kxc5 Rxe5 69. fxe5 Ne4+ 70. Kd4 Nf2 71. Bb5 Nxh3 72. d6+ Kd8 73. e6 1-0

[Event "Titled Tuesday intern op 01st Apr Late"]
[Site "Chess.com INT"]
[Date "2025.04.01"]
[Round "11"]
[White "Mikhalevski, Victor"]
[Black "Zwahr, Paul"]
[Result "1-0"]
[WhiteElo "2513"]
[BlackElo "2305"]
[PlyCount "63"]
[EventDate "2025.04.01"]
[EventType "swiss (blitz)"]
[EventRounds "11"]
[EventCountry "USA"]
[SourceTitle "CB21_2025"]
[SourceDate "2025.05.21"]
[SourceVersion "1"]
[SourceVersionDate "2025.05.21"]
[SourceQuality "1"]

1. Nf3 Nf6 2. g3 g6 3. d4 Bg7 4. b3 0-0 5. Bb2 d6 6. Bg2 e5 7. dxe5 Ng4 8. 0-0 Nd7 9. c4 dxe5 10. h3 Nh6 11. e4 f6 12. Nc3 Nf7 13. b4 c6 14. c5 Qe7 15. Nd2 f5 16. Nc4 Nf6 17. Qe2 fxe4 18. Nxe4 Nxe4 19. Qxe4 Ng5 20. Qe3 Nxh3+ 21. Kh2 Nf4 22. gxf4 Qh4+ 23. Bh3 exf4 24. Qf3 Be6 25. Bxg7 Kxg7 26. Nd6 g5 27. Rg1 h5 28. Rxg5+ Kh6 29. Rag1 Rf6 30. Ne4 Bxh3 31. Qxh3 Raf8 32. Qxh4 1-0

[Event "Titled Tuesday intern op 01st Apr Late"]
[Site "Chess.com INT"]
[Date "2025.04.01"]
[Round "7"]
[White "Pichot, Alan"]
[Black "Mikhalevski, Victor"]
[Result "1-0"]
[WhiteElo "2587"]
[BlackElo "2513"]
[PlyCount "67"]
[EventDate "2025.04.01"]
[EventType "swiss (blitz)"]
[EventRounds "11"]
[EventCountry "USA"]
[SourceTitle "CB21_2025"]
[SourceDate "2025.05.21"]
[SourceVersion "1"]
[SourceVersionDate "2025.05.21"]
[SourceQuality "1"]

1. e4 e5 2. f4 exf4 3. Nf3 g5 4. h4 g4 5. Ne5 Nc6 6. Nxg4 Nf6 7. Nc3 Rg8 8. Nxf6+ Qxf6 9. Nd5 Qe5 10. d3 Bh6 11. c3 Ne7 12. Nxe7 Qxe7 13. Qh5 Qe6 14. Bd2 b6 15. 0-0-0 Bb7 16. g4 0-0-0 17. g5 Qxa2 18. gxh6 Bc6 19. Bxf4 Ba4 20. Re1 Qa1+ 21. Kd2 Qxb2+ 22. Ke3 Qxc3 23. Be2 d5 24. Rc1 Bc2 25. Qe5 d4+ 26. Kf3 Rd6 27. Rxc2 Qxc2 28. Rc1 Qxc1 29. Bxc1 f6 30. Qf5+ Rd7 31. Bd1 Kd8 32. Bb3 Rg6 33. Be6 Re7 34. Qd5+ 1-0

[Event "ISR-chT"]
[Site "Israel"]
[Date "2025.02.28"]
[Round "9.2"]
[White "Mikhalevski, Victor"]
[Black "Poleg, Matan"]
[Result "1-0"]
[WhiteElo "2506"]
[BlackElo "2252"]
[PlyCount "40"]
[EventDate "2025.01.08"]
[EventType "team-tourn"]
[EventRounds "11"]
[EventCountry "ISR"]
[SourceTitle "CB12_2025"]
[SourceDate "2025.03.19"]
[SourceVersion "1"]
[SourceVersionDate "2025.03.19"]
[SourceQuality "1"]
[WhiteTeam "Beer Sheva"]
[BlackTeam "Netanya"]
[WhiteTeamCountry "ISR"]
[BlackTeamCountry "ISR"]

1. d4 Nf6 2. c4 e6 3. Nc3 Bb4 4. e3 b6 5. Nge2 Ne4 6. Bd2 Nxd2 7. Qxd2 0-0 8. a3 Be7 9. Nf4 d6 10. Bd3 c6 11. 0-0-0 e5 12. dxe5 dxe5 13. Bxh7+ Kh8 14. Qe2 Nd7 15. Be4 g6 16. Bxc6 Rb8 17. Nfd5 Nc5 18. b4 Bb7 19. Bxb7 Nxb7 20. Nb5 Ra8 1-0

[Event "Chessable Masters Play In"]
[Site "Chess.com INT"]
[Date "2025.02.17"]
[Round "3"]
[White "Ma, Qun"]
[Black "Mikhalevski, Victor"]
[Result "1-0"]
[WhiteElo "2645"]
[BlackElo "2506"]
[PlyCount "93"]
[EventDate "2025.02.17"]
[EventType "swiss (blitz)"]
[EventRounds "9"]
[EventCountry "USA"]
[SourceTitle "CB08_2025"]
[SourceDate "2025.02.19"]
[SourceVersion "1"]
[SourceVersionDate "2025.02.19"]
[SourceQuality "1"]

1. d4 Nf6 2. c4 g6 3. Nc3 d5 4. cxd5 Nxd5 5. e4 Nxc3 6. bxc3 Bg7 7. Bb5+ c6 8. Ba4 0-0 9. Ne2 c5 10. 0-0 Nc6 11. Be3 Bg4 12. d5 Ne5 13. f3 Bd7 14. Bxd7 Nxd7 15. Rb1 Qc7 16. c4 e6 17. Qd2 Rad8 18. Rfc1 Ne5 19. h3 b6 20. Rb3 Qd7 21. Bg5 f6 22. Bh4 Rde8 23. Rc2 Qa4 24. Qc1 f5 25. f4 Nf7 26. dxe6 Rxe6 27. e5 g5 28. Bg3 gxf4 29. Nxf4 Rxe5 30. Nh5 Re6 31. Nxg7 Kxg7 32. Rf2 Nh8 33. Bf4 Qe8 34. Kh2 Rf7 35. Rg3+ Ng6 36. h4 h5 37. Rg5 Re4 38. Qc3+ Rf6 39. Rxf5 Rd4 40. Rxf6 Kxf6 41. Be5+ Ke6 42. Bxd4 Qb8+ 43. g3 cxd4 44. Qxd4 Ne5 45. Re2 Kf5 46. Qf4+ Ke6 47. Qe4 1-0

[Event "Chessable Masters Play In"]
[Site "Chess.com INT"]
[Date "2025.02.17"]
[Round "1"]
[White "Mikhalevski, Victor"]
[Black "Kozak, Adam"]
[Result "0-1"]
[WhiteElo "2506"]
[BlackElo "2601"]
[PlyCount "110"]
[EventDate "2025.02.17"]
[EventType "swiss (blitz)"]
[EventRounds "9"]
[EventCountry "USA"]
[SourceTitle "CB08_2025"]
[SourceDate "2025.02.19"]
[SourceVersion "1"]
[SourceVersionDate "2025.02.19"]
[SourceQuality "1"]

1. Nf3 c5 2. c4 Nc6 3. Nc3 g6 4. e3 Bg7 5. d4 d6 6. Be2 e6 7. 0-0 cxd4 8. exd4 d5 9. Bg5 Nge7 10. Re1 0-0 11. cxd5 exd5 12. Bb5 f6 13. Bf4 a6 14. Bf1 g5 15. Be3 b5 16. Rc1 Bf5 17. Bd3 Qd7 18. h3 Rac8 19. a4 Bxd3 20. Qxd3 Nb4 21. Qd1 Kh8 22. Ra1 Rb8 23. axb5 axb5 24. Qb3 Nbc6 25. Ra6 h6 26. Bd2 Rfd8 27. Raa1 Nf5 28. Ne2 Nce7 29. Qd3 Nd6 30. Ng3 Nef5 31. Nxf5 Nxf5 32. Bb4 Re8 33. Bc5 h5 34. Ra7 Rxe1+ 35. Nxe1 Qe6 36. Nc2 Re8 37. Qxb5 Qe4 38. Ra1 Rg8 39. Qb3 Nh4 40. Ne3 Rd8 41. Qc2 Qe6 42. Qd1 g4 43. hxg4 Bh6 44. Ra3 Rg8 45. g3 hxg4 46. gxh4 g3 47. Qh5 f5 48. Kf1 gxf2 49. Kxf2 Rg6 50. Qf3 f4 51. Nxd5 Rg3 52. Ra8+ Kh7 53. Ra7+ Kh8 54. Qh5 Rg8 55. Be7 Qe3+ 0-1

[Event "Chessable Masters Play In"]
[Site "Chess.com INT"]
[Date "2025.02.17"]
[Round "4"]
[White "Mikhalevski, Victor"]
[Black "Lagarde, Maxime"]
[Result "0-1"]
[WhiteElo "2506"]
[BlackElo "2604"]
[PlyCount "82"]
[EventDate "2025.02.17"]
[EventType "swiss (blitz)"]
[EventRounds "9"]
[EventCountry "USA"]
[SourceTitle "CB08_2025"]
[SourceDate "2025.02.19"]
[SourceVersion "1"]
[SourceVersionDate "2025.02.19"]
[SourceQuality "1"]

1. d4 f5 2. c4 Nf6 3. Nc3 d6 4. Bg5 Nbd7 5. e3 h6 6. Bh4 g5 7. Bg3 Bg7 8. Bd3 e6 9. Nge2 a6 10. f3 Qe7 11. Qc2 0-0 12. 0-0-0 b5 13. cxb5 axb5 14. Bxb5 Ba6 15. Bc6 Ra7 16. e4 Rb8 17. exf5 exf5 18. Qxf5 Bxe2 19. Rhe1 Qe3+ 20. Rd2 Rxb2 21. Kxb2 Qxd2+ 22. Qc2 Qxc2+ 23. Kxc2 Bc4 24. Re7 Nb8 25. Bb5 Bxb5 26. Nxb5 Rxa2+ 27. Kb1 Rxg2 28. Rxc7 Na6 29. Rc8+ Kh7 30. Bxd6 Nd5 31. Be5 Bxe5 32. dxe5 Rxh2 33. Nd4 Nac7 34. e6 Rh1+ 35. Kb2 Re1 36. Rd8 Kg6 37. Kc2 Nf4 38. Kd2 Ncxe6 39. Rg8+ Kf7 40. Kxe1 Kxg8 41. Nf5 Kh7 0-1

[Event "ISR-chT"]
[Site "Israel"]
[Date "2025.02.07"]
[Round "5.1"]
[White "Rozentalis, Eduardas"]
[Black "Mikhalevski, Victor"]
[Result "0-1"]
[WhiteElo "2484"]
[BlackElo "2506"]
[PlyCount "136"]
[EventDate "2025.01.08"]
[EventType "team-tourn"]
[EventRounds "11"]
[EventCountry "ISR"]
[SourceTitle "CB08_2025"]
[SourceDate "2025.02.19"]
[SourceVersion "1"]
[SourceVersionDate "2025.02.19"]
[SourceQuality "1"]
[WhiteTeam "Kfar Saba II"]
[BlackTeam "Beer Sheva"]
[WhiteTeamCountry "ISR"]
[BlackTeamCountry "ISR"]

1. e4 c5 2. Nf3 d6 3. Bb5+ Nd7 4. d4 cxd4 5. Qxd4 e5 6. Qd3 a6 7. Bxd7+ Qxd7 8. Nc3 Qc6 9. 0-0 Be6 10. Rd1 Rc8 11. a4 Bc4 12. Qe3 Nf6 13. Nd2 Be6 14. Nf1 Be7 15. Qd3 Qc4 16. Bg5 Qxd3 17. cxd3 Ng8 18. Bxe7 Nxe7 19. Ne3 Nc6 20. Ne2 Nd4 21. Nxd4 exd4 22. Nf1 Bb3 23. Rd2 Kd7 24. Ng3 Rc5 25. Ne2 Rhc8 26. Kf1 Rc2 27. Rxc2 Rxc2 28. Nxd4 Rxb2 29. a5 Ba2 30. Ke1 f6 31. h4 d5 32. Rd1 Rb4 33. Ne2 dxe4 34. dxe4+ Kc7 35. Nc3 Be6 36. f3 Rc4 37. Nd5+ Bxd5 38. Rxd5 b6 39. axb6+ Kxb6 40. h5 a5 41. h6 gxh6 42. Kd2 a4 43. Rd8 Ka5 44. Ra8+ Kb4 45. Rb8+ Ka3 46. Rb6 Rb4 47. Rxf6 Kb2 48. Rxh6 a3 49. Rxh7 a2 50. Ra7 Kb3 51. Rxa2 Kxa2 52. Kc3 Ka3 53. Kd3 Ka4 54. Ke3 Kb5 55. Kf4 Kc6 56. Kf5 Rb3 57. Ke6 Kc7 58. Ke7 Re3 59. Ke6 Kd8 60. Kf5 Ke7 61. Ke5 Kf7 62. Kf5 Ra3 63. Kf4 Kf6 64. g3 Rb3 65. g4 Ra3 66. g5+ Kg6 67. Kg4 Re3 68. Kf4 Re1 0-1

[Event "Titled Tuesday intern op 04th Feb Early"]
[Site "Chess.com INT"]
[Date "2025.02.04"]
[Round "8"]
[White "Granara Barreto, Sebastian A"]
[Black "Mikhalevski, Victor"]
[Result "0-1"]
[WhiteElo "2115"]
[BlackElo "2506"]
[PlyCount "60"]
[EventDate "2025.02.04"]
[EventType "swiss (blitz)"]
[EventRounds "11"]
[EventCountry "USA"]
[SourceTitle "CB07_2025"]
[SourceDate "2025.02.12"]
[SourceVersion "1"]
[SourceVersionDate "2025.02.12"]
[SourceQuality "1"]

1. e4 c5 2. Nf3 d6 3. d4 cxd4 4. Nxd4 Nf6 5. Nc3 a6 6. Be3 e5 7. Nb3 Be7 8. f3 Be6 9. Qd2 h5 10. 0-0-0 Nbd7 11. Nd5 Nxd5 12. exd5 Bf5 13. Bd3 Bxd3 14. Qxd3 Rc8 15. Kb1 b5 16. Rhe1 0-0 17. g4 hxg4 18. fxg4 Rc4 19. h3 e4 20. Qf1 Bf6 21. Qf2 Ne5 22. Nd4 Bh4 23. Qf1 Bxe1 24. Rxe1 Nf3 25. Rd1 Nxd4 26. Bxd4 Re8 27. Qf4 e3 28. b3 e2 29. Re1 Qa5 30. c3 Qxc3 0-1

[Event "Titled Tuesday intern op 04th Feb Early"]
[Site "Chess.com INT"]
[Date "2025.02.04"]
[Round "1"]
[White "Mikhalevski, Victor"]
[Black "Brancaleoni, Maurizio"]
[Result "1-0"]
[WhiteElo "2506"]
[BlackElo "2180"]
[PlyCount "59"]
[EventDate "2025.02.04"]
[EventType "swiss (blitz)"]
[EventRounds "11"]
[EventCountry "USA"]
[SourceTitle "CB07_2025"]
[SourceDate "2025.02.12"]
[SourceVersion "1"]
[SourceVersionDate "2025.02.12"]
[SourceQuality "1"]

1. e4 c6 2. d4 d5 3. Nc3 dxe4 4. Nxe4 Nf6 5. Ng3 h5 6. h4 c5 7. Nf3 Nc6 8. Be3 Ng4 9. d5 Nxe3 10. fxe3 Qa5+ 11. c3 Nb8 12. Ng5 Bg4 13. Be2 Bxe2 14. Qxe2 g6 15. 0-0 f6 16. Ne6 Nd7 17. b4 cxb4 18. cxb4 Qb6 19. Rac1 Kf7 20. Ne4 Bh6 21. N4g5+ Bxg5 22. Nxg5+ Kg7 23. Ne6+ Kf7 24. Rc7 Ne5 25. Rxf6+ Kxf6 26. Qf2+ Nf3+ 27. Qxf3+ Ke5 28. Nc5 Kd6 29. Rd7+ Ke5 30. Qf4# 1-0

[Event "Titled Tuesday intern op 04th Feb Early"]
[Site "Chess.com INT"]
[Date "2025.02.04"]
[Round "9"]
[White "Mikhalevski, Victor"]
[Black "Tikhonov, Viacheslav"]
[Result "1-0"]
[WhiteElo "2506"]
[BlackElo "2183"]
[PlyCount "113"]
[EventDate "2025.02.04"]
[EventType "swiss (blitz)"]
[EventRounds "11"]
[EventCountry "USA"]
[SourceTitle "CB07_2025"]
[SourceDate "2025.02.12"]
[SourceVersion "1"]
[SourceVersionDate "2025.02.12"]
[SourceQuality "1"]

1. g3 g6 2. Bg2 Bg7 3. c4 c5 4. Nc3 Nc6 5. d3 e5 6. Nf3 Nge7 7. 0-0 0-0 8. a3 d6 9. b4 e4 10. Nxe4 Bxa1 11. b5 Nb8 12. Bf4 Bg7 13. Nxd6 Nf5 14. Ne4 Nd7 15. Bg5 Qc7 16. e3 Re8 17. g4 Ne7 18. Bf4 Ne5 19. Ne1 Qb6 20. h3 Be6 21. Qc2 Rad8 22. a4 h6 23. a5 Qxa5 24. Nxc5 Qb6 25. Nxb7 Rd7 26. c5 Qxb5 27. Nd6 Rxd6 28. cxd6 Nd5 29. Bg3 Rc8 30. Qd2 Nb4 31. d4 Nc4 32. Qd1 Nb2 33. Qd2 N2d3 34. Nxd3 Nxd3 35. Ra1 Nb4 36. Bf1 Qb6 37. Rb1 a5 38. Be5 Rd8 39. e4 f6 40. Bg3 Bf8 41. d5 Bf7 42. Qf4 Kg7 43. e5 fxe5 44. Qxe5+ Kg8 45. Qf6 Bxd6 46. Rc1 Bf8 47. Qxb6 Rxd5 48. Rc8 Kg7 49. Qb8 Be7 50. Be5+ Bf6 51. Bxf6+ Kxf6 52. Qb6+ Be6 53. Re8 Re5 54. Qd4 Nc6 55. Qf4+ Kg7 56. Qf8+ Kh7 57. Qh8# 1-0

[Event "Titled Tuesday intern op 04th Feb Early"]
[Site "Chess.com INT"]
[Date "2025.02.04"]
[Round "5"]
[White "Navalgund, Niranjan"]
[Black "Mikhalevski, Victor"]
[Result "1-0"]
[WhiteElo "2239"]
[BlackElo "2506"]
[PlyCount "71"]
[EventDate "2025.02.04"]
[EventType "swiss (blitz)"]
[EventRounds "11"]
[EventCountry "USA"]
[SourceTitle "CB07_2025"]
[SourceDate "2025.02.12"]
[SourceVersion "1"]
[SourceVersionDate "2025.02.12"]
[SourceQuality "1"]

1. d4 g6 2. e4 Bg7 3. Bc4 c6 4. Nc3 b5 5. Bb3 a5 6. a4 b4 7. Nce2 d6 8. Nf3 Ba6 9. 0-0 Nf6 10. e5 Nd5 11. Re1 0-0 12. Ng3 Nd7 13. e6 fxe6 14. Ng5 Qb6 15. Nxe6 Rf7 16. Nxg7 Kxg7 17. Qg4 N7f6 18. Qh4 Ng8 19. Bg5 h6 20. Bd2 Raf8 21. f3 Rf4 22. Bxf4 Rxf4 23. Qh3 Qxd4+ 24. Kh1 Qxb2 25. Qe6 Ngf6 26. Ne4 Qd4 27. Nxf6 Rxf6 28. Qd7 Rf7 29. Rad1 Qf6 30. Qxc6 Nc3 31. Qxa6 Nxd1 32. Rxd1 Rf8 33. Re1 Rd8 34. Qxa5 Qc3 35. Rxe7+ Kh8 36. Qxd8# 1-0

[Event "ISR-ch"]
[Site "Eilat"]
[Date "2025.01.21"]
[Round "2"]
[White "Mikhalevski, Victor"]
[Black "Baron, Tal"]
[Result "1-0"]
[WhiteElo "2503"]
[BlackElo "2441"]
[PlyCount "87"]
[EventDate "2025.01.20"]
[EventType "swiss"]
[EventRounds "9"]
[EventCountry "ISR"]
[SourceTitle "CB05_2025"]
[SourceDate "2025.01.29"]
[SourceVersion "1"]
[SourceVersionDate "2025.01.29"]
[SourceQuality "1"]

1. Nf3 d5 2. e3 Nf6 3. b3 e6 4. Bb2 b6 5. c4 Bb7 6. Nc3 Nbd7 7. cxd5 exd5 8. Rc1 Be7 9. Be2 0-0 10. 0-0 Re8 11. Qc2 c6 12. d4 Bd6 13. Bd3 Qe7 14. Rfd1 h6 15. Ne2 Ne4 16. Ng3 Nxg3 17. hxg3 Nf6 18. Qe2 a5 19. Ne5 Rec8 20. Qf3 a4 21. Qf5 axb3 22. axb3 Ra2 23. Rd2 g6 24. Qf4 Kg7 25. Rcc2 Rc7 26. g4 Nd7 27. Qf3 Kg8 28. Qh3 Nxe5 29. dxe5 Bxe5 30. Qxh6 Bxb2 31. Rxb2 Ra1+ 32. Rb1 Rxb1+ 33. Bxb1 Qa3 34. Kh2 Qxb3 35. Bxg6 fxg6 36. Qxg6+ Kf8 37. Qd6+ Re7 38. Rd4 Qb2 39. g5 Ke8 40. Qb8+ Kd7 41. Qxb7+ Kd6 42. Qb8+ Kd7 43. Kg3 Qb3 44. Rf4 1-0